000
00244nam a22001097a 4500
008
170118b xxu||||| |||| 00| 0 eng d
020
_a
9780803614598
041
_a
eng
080
_2
3RD
_a
618.2
245
_a
NCLEX-PN
_c
BEARE, P.G
942
_2
udc
_c
BK
999
_c
3100
_d
3100